| 000 -LEADER | |
|---|---|
| fixed length control field | 00473nam a22001817a 4500 |
| 005 - DATE AND TIME OF LATEST TRANSACTION | |
| control field | 20210827132922.0 |
| 008 - FIXED-LENGTH DATA ELEMENTS--GENERAL INFORMATION | |
| fixed length control field | 200225b xxu||||| |||| 00| 0 eng d |
| 020 ## - INTERNATIONAL STANDARD BOOK NUMBER | |
| ISBN | 978-93-88178-90-7 |
| 041 ## - LANGUAGE CODE | |
| Language code of text/sound track or separate title | eng |
| 082 ## - DEWEY DECIMAL CLASSIFICATION NUMBER | |
| Classification number | 615.1 |
| 100 ## - MAIN ENTRY--AUTHOR NAME | |
| Personal name | AGARWAL, GAURAV |
| 245 ## - TITLE STATEMENT | |
| Title | PHARMACEUTICAL II FOR SECOUNDARY DIPOLOMA IN PHARMACY BASED---- 1991 |
| 250 ## - EDITION STATEMENT | |
| Edition statement | 1'ST,2019, |
| 260 ## - PUBLICATION, DISTRIBUTION, ETC. (IMPRINT) | |
| Place of publication | NEW DELHI |
| Name of publisher | CBS |
| Year of publication | 2019 |
| 300 ## - PHYSICAL DESCRIPTION | |
| Number of Pages | 304p;VII |
| 650 ## - SUBJECT ADDED ENTRY--TOPICAL TERM | |
| Topical Term | PHARMACY |
| 942 ## - ADDED ENTRY ELEMENTS (KOHA) | |
| Koha item type | Books |
| Lost status | Damaged status | Collection code | Home library | Current library | Shelving location | Date acquired | Source of acquisition | Cost, normal purchase price | Full call number | Accession Number | Koha item type |
|---|---|---|---|---|---|---|---|---|---|---|---|
| PHARMACY | JRU Library | JRU Library | Shelf - 23- C | 25/02/2020 | PURCHESS | 295.00 | 615.1 | 23648 | Books | ||
| PHARMACY | JRU Library | JRU Library | Shelf - 23- C | 25/02/2020 | PURCHESS | 295.00 | 615.1 | 23649 | Books | ||
| PHARMACY | JRU Library | JRU Library | Shelf - 23- C | 25/02/2020 | PURCHESS | 295.00 | 615.1 | 23650 | Books | ||
| PHARMACY | JRU Library | JRU Library | Shelf - 23- C | 25/02/2020 | PURCHESS | 295.00 | 615.1 | 23651 | Books | ||
| Reference | JRU Library | JRU Library | SHELF-53-B | 25/02/2020 | PURCHESS | 295.00 | 615.1 | 23652 | Books |